Word Ladder: Proverb III Quiz Stats

 Plays Quiz Updated Jan 10, 2015

Challenge
Share
Tweet
Embed
Score 0/12 Timer 01:00
1 Play Today
Hint 4-Letter Word % Correct
Van Dyke or CheneyDICK
96.1%
Cut food into small cubesDICE
95.7%
Finished; overDONE
94.8%
Eat a mealDINE
94.5%
Castle piece in chessROOK
93.2%
1985 movie ''A ____ with a View''ROOM
91.3%
Grow or flourish rapidly, especially a businessBOOM
79.3%
Deduct money from wages, usually as punishmentDOCK
76.6%
1981 movie ''Das ____''BOOT
73.5%
★ Proverb: [rung 1] ____ the [rung 12] ★ ●ROCK●
71.5%
★ Proverb: ____ [rung 7] the [rung 12] ★ ●DON'T●
54.5%
★ Proverb: [rung 1] [rung 7] the ____●BOAT●
52.1%

Today's Daily Dose

Missing Word
US Newspapers

Word Ladder
Shawn Mendes

On This Day
October 18th II

You're not logged in!

Compare scores with friends on all Sporcle quizzes.
Join for Free
OR
Log In

You Might Also Like...

Show Comments

Extras

Top Quizzes Today


Score Distribution

Your Account Isn't Verified!

In order to create a playlist on Sporcle, you need to verify the email address you used during registration. Go to your Sporcle Settings to finish the process.

Report this User

Report this user for behavior that violates our Community Guidelines.

Details: